=LDR 00000nam 2200000 4500 =001 INLIS000000000046135 =005 20150217075001.0 =006 =007 =008 =020 ##$$a 978-602-8123-45-7 =035 ##$$0010-021500000000696 =040 ##$$a NBPDMAT =082 ##$$a 616.019 =090 ##$$a 616.019 $b Sus m =100 ##$$a Susi Laelawati =245 ##$$a Mengenal Virus $c Penyusun Susi Laelawati; Editor Linda Chandayani =250 ##$$a Cet.1 =260 ##$$a Jakarta $b Nobel Edumedia $c 2008 =300 ##$$a vii, 61 hlm. : $b ilus. ; $c 21 cm. =500 ##$$a Bibliografi : hlm. 60-61 =650 ##$$a Virus =700 ##$$a Linda Chandayani =850 ##$$a NBPDMAT =990 ##$$a 0001/BPAP-NTB/2015 =990 ##$$a 0001/BPAP-NTB/2015